000 00783na a2200265 4500
001 19606
003 MIRAKIL
005 20181213155107.0
008 170116b tu 000 0
020 _a9757145009
035 _a19606
040 _aMilas
_btur
_cTR-AnCHP
041 _atur
082 _a370.9561
_bA47e 1997
090 _a370.9561 A47e 1997
100 _aAltunya, Niyazi
245 _aEğitim sorunumuza kuşbakışı
_bgörüş ve öneriler
_cNiyazi Altunya
250 _a3. bs.
260 _aAnkara
_bÜrün Yayınları
_c1997
300 _a159 s.
_c20 sm.
500 _aYapıt yazarından imzalıdır.
650 _aEğitim ve öğretim
_xGörüş ve öneriler
_zTürkiye
650 _aEğitim
_xSorunlar ve çözüm önerileri
_zTürkiye
942 _2ddc
_cBKS
999 _c6412
_d6412